| 000 | 00000nam 2200000zi 4500 |
| 001 | 9.954232 |
| 003 | CaOODSP |
| 005 | 20250820105455 |
| 006 | m o d f |
| 007 | cr mn||||||||| |
| 008 | 250819e20240717onc obs f000 0 eng d |
| 040 | |aCaOODSP|beng|erda|cCaOODSP |
| 043 | |an-cn--- |
| 086 | 1 |aCS82-003/2024-7-1E-PDF |
| 100 | 1 |aPark, Hanbyoul, |eauthor. |
| 245 | 14|aThe association between rurality, places of care and the location of death of long-term care home residents with dementia : |ba population-based study / |cby Hanbyoul Park, Christina Milani, Peter Tanuseputro and Colleen Webber. |
| 264 | 1|a[Ottawa] : |bStatistics Canada = Statistique Canada, |cJuly 17, 2024. |
| 264 | 4|c©2024 |
| 300 | |a1 online resource (13 pages).|bcharts. |
| 336 | |atext|btxt|2rdacontent |
| 337 | |acomputer|bc|2rdamedia |
| 338 | |aonline resource|bcr|2rdacarrier |
| 490 | 1 |aHealth reports, |x1209-1367 ; |vvol. 35, no. 7, [1] |
| 500 | |aIssued also in French under title: Lien entre la ruralité, les lieux de soins et le lieu de décès des résidents d’établissements de soins de longue durée atteints de démence : étude basée sur la population. |
| 504 | |aIncludes bibliographical references (pages 12-13). |
| 520 | |a"Of the 65,375 LTC home residents with dementia, 49,432 (75.6%) died in an LTC home. Residents of LTC homes in the most urban areas were less likely to die in an LTC home than those in more rural homes (adjusted relative risk: 0.84; 95% confidence interval: 0.83 to 0.85). A higher proportion of residents of the most urban LTC homes had at least one hospitalization in the last 90 days of life compared with rural residents (23.7% versus 9.9% palliative hospitalizations and 28.3% versus 15.9% non-palliative hospitalizations [p < 0.001])"--Page 3. |
| 650 | 0|aDementia|zCanada|vStatistics. |
| 650 | 0|aDementia|xMortality|zCanada|vStatistics. |
| 650 | 0|aOlder people|xLong-term care|zCanada|vStatistics. |
| 655 | 7|aStatistics|2lcgft |
| 710 | 2 |aStatistics Canada, |eissuing body. |
| 775 | 08|tLien entre la ruralité, les lieux de soins et le lieu de décès des résidents d’établissements de soins de longue durée atteints de démence : |w(CaOODSP)9.954235 |
| 830 | #0|aHealth reports (Series)|x1209-1367 ; |vvol. 35, no. 7, [1].|w(CaOODSP)9.950253 |
| 856 | 40|qPDF|s687 KB|uhttps://publications.gc.ca/collections/collection_2025/statcan/82-003-x/CS82-003-2024-7-1-eng.pdf |
| 856 | 41|qHTML|sN/A|uhttps://www150.statcan.gc.ca/n1/pub/82-003-x/2024007/article/00001-eng.htm |